The Electrolytic Capacitor (E-BOOK) (Record no. 191587)

000 -LEADER
fixed length control field 00438 a2200181 4500
003 - CONTROL NUMBER IDENTIFIER
control field Nust
005 - DATE AND TIME OF LATEST TRANSACTION
control field 20170207154019.0
010 ## - LIBRARY OF CONGRESS CONTROL NUMBER
LC control number 45006766
040 ## - CATALOGING SOURCE
Transcribing agency Nust
082 ## - DEWEY DECIMAL CLASSIFICATION NUMBER
Classification number 537.24
100 ## - MAIN ENTRY--PERSONAL NAME
Personal name GEORGIEV ALEXANDER M.
245 ## - TITLE STATEMENT
Title The Electrolytic Capacitor (E-BOOK)
Statement of responsibility, etc. ALEXANDER M. GEORGIEV
260 ## - PUBLICATION, DISTRIBUTION, ETC.
Place of publication, distribution, etc. NEW YORK
Name of publisher, distributor, etc. MURRAY HILL BOOKS
Date of publication, distribution, etc. 1945
300 ## - PHYSICAL DESCRIPTION
Extent 205 p
538 ## - SYSTEM DETAILS NOTE
System details note EB-684
650 ## - SUBJECT ADDED ENTRY--TOPICAL TERM
Topical term or geographic name entry element Electrolytic Capacitor
651 ## - SUBJECT ADDED ENTRY--GEOGRAPHIC NAME
Geographic name E-BOOK
942 ## - ADDED ENTRY ELEMENTS (KOHA)
Source of classification or shelving scheme
Koha item type Book
Holdings
Withdrawn status Lost status Source of classification or shelving scheme Damaged status Not for loan Collection code Permanent Location Current Location Date acquired Total Checkouts Full call number Barcode Date last seen Price effective from Koha item type
            Military College of Signals (MCS) Military College of Signals (MCS) 12/12/2016   620 GEO MCSEB-684 12/08/2016 12/12/2016 Book
© 2023 Central Library, National University of Sciences and Technology. All Rights Reserved.